{"text_format":"3","workbook":"xlsx","n_sheets":6,"sheets":["MSOMSRN","工程量清单","清单封面","清单汇总表","清单说明","安装清单说明"],"not_rendered":{"external_links":30,"defined_names":200},"read":"whole","date_system":"1900"}

{"sheet":"MSOMSRN","index":0,"n_rows":0,"n_cols":0,"rows_kept":0,"hidden":true}

{"sheet":"工程量清单","index":1,"n_rows":482,"n_cols":9,"rows_kept":482,"merged":[[0,0,0,8],[1,0,1,7],[3,0,3,8],[230,0,230,8],[480,0,480,5],[481,0,481,8],[482,0,482,7]]}
["东莞市水务集团供水有限公司2025年度办公用品及后勤物资需求清单"]
["项目名称：东莞市水务集团供水有限公司2025年度办公用品及后勤物资采购项目","物资重要程度",null,"物资类别","品牌"]
["序号","重要货物","名称","规格型号","数量\n合计","单位","不含税预算综合单价（元）","不含税预算综合合价（元）","推荐品牌"]
["一、办公用品（共226项）"]
[1,"▲","文件夹","A4；加厚PP材质，0.7mm厚；双强力夹",561,"个",3.95,{"$f":"+G5*E5","v":2215.95},"得力、晨光、齐心"]
[2,"▲","文件夹","A4；加厚PP材质，1.2mm厚；双强力夹",764,"个",{"v":5.6,"d":"5.60"},{"$f":"+G6*E6","v":{"v":4278.4,"d":"4278.40"}},"得力、晨光、齐心"]
[3,null,"两孔文件夹","PP塑料，防水，A4，两孔",109,"个",6.74,734.66,"得力、晨光、齐心"]
[4,null,"11孔文件保护套","加厚单个厚度0.12mm,A4   100个装/包",8,"包",10.04,80.32,"得力、轩弘、酷办"]
[5,null,"抽杆夹","A4、抽杆为PVC材质、透明PP材料，10mm，可夹60张A4纸",763,"个",0.84,640.92,"得力、晨光、齐心"]
[6,null,"抽杆夹","A4、抽杆为PVC材质、透明PP材料，15mm，可夹100张A4纸，",363,"个",{"v":1.4,"d":"1.40"},{"v":508.2,"d":"508.20"},"任意品牌"]
[7,null,"抽杆报告夹","A4、抽杆为PVC材质、透明PP材料，25mm，可夹约200张A4纸，三角形抽杆",52,"个",{"v":1.4,"d":"1.40"},{"v":72.8,"d":"72.80"},"得力、晨光、齐心"]
[8,"▲","中性按钮笔","0.5mm；12支/盒，黑色或蓝色",1376,"盒",{"v":12.4,"d":"12.40"},{"v":17062.4,"d":"17062.40"},"得力、晨光、三菱"]
[9,"▲","中性按钮笔","0.5mm；12支/盒，红色",190,"盒",12.32,{"v":2340.8,"d":"2340.80"},"得力、晨光、百乐"]
[10,"▲","中性按钮笔","0.38mm；12支/盒，黑色",212,"盒",{"v":22.4,"d":"22.40"},{"v":4748.8,"d":"4748.80"},"得力、晨光、斑马"]
[11,"▲","水性笔","0.5mm，10支/盒，黑色",341,"盒",{"v":30.8,"d":"30.80"},{"v":10502.8,"d":"10502.80"},"三菱、百乐、晨光"]
[12,"▲","签字笔","0.5mm；12支/盒，黑色",634,"盒",12.32,7810.88,"得力、晨光、齐心"]
[13,"▲","荧光笔","5色，扁笔头4-5mm",160,"盒",13.81,{"v":2209.6,"d":"2209.60"},"三菱、得力、斑马"]
[14,"▲","铅笔","2B；12支/盒",181,"盒",5.56,1006.36,"中华、得力、晨光"]
[15,"▲","白板笔","10支/盒，黑色/红色/蓝色",101,"盒",8.48,856.48,"得力、晨光、齐心"]
[16,"▲","电池","5号；24粒一盒",676,"盒",33.38,22564.88,"金霸王、南孚、品胜"]
[17,"▲","电池","7号；25粒一盒",424,"盒",33.49,14199.76,"金霸王、南孚、品胜"]
[18,null,"电池","9V　",158,"粒",11.16,1763.28,"金霸王、南孚、品胜"]
[19,"▲","移动硬盘","2TB、USB3.0",82,"个",281.88,23114.16,"希捷、东芝、西部数据"]
[20,"▲","U盘","64GB，USB3.0",222,"个",{"v":39.2,"d":"39.20"},{"v":8702.4,"d":"8702.40"},"金士顿、闪迪、东芝"]
[21,"▲","不锈钢长尾夹","32MM（3#）*12，不锈钢原色",52,"盒",{"v":6.7,"d":"6.70"},{"v":348.4,"d":"348.40"},"齐心、广博、得力、晨光"]
[22,"▲","不锈钢长尾夹","25MM（4#）*24，不锈钢原色",64,"盒",6.72,430.08,"齐心、广博、得力、晨光"]
[23,"▲","不锈钢长尾夹","19MM（5#）*40，不锈钢原色",52,"盒",5.56,289.12,"齐心、广博、得力、晨光"]
[24,"▲","长尾夹","15mm；60只/筒；彩色烤漆；防腐防锈；优质金属",889,"筒",5.67,5040.63,"得力、晨光、金得利"]
[25,"▲","长尾夹","19mm；40只/筒；彩色烤漆；防腐防锈；优质金属",720,"筒",5.54,{"v":3988.8,"d":"3988.80"},"得力、晨光、金得利"]
[26,"▲","长尾夹","25mm；48只/筒；彩色烤漆；防腐防锈；优质金属",582,"筒",{"v":8.4,"d":"8.40"},{"v":4888.8,"d":"4888.80"},"得力、晨光、金得利"]
[27,"▲","长尾夹","32mm；24只/筒；彩色烤漆；防腐防锈；优质金属",520,"筒",8.37,{"v":4352.4,"d":"4352.40"},"得力、晨光、金得利"]
[28,"▲","长尾夹","41mm；24个/盒；彩色烤漆；防腐防锈；优质金属",319,"筒",11.01,3512.19,"得力、晨光、金得利"]
[29,"▲","长尾夹","51mm；12只/筒；彩色烤漆；防腐防锈；优质金属",402,"筒",8.35,{"v":3356.7,"d":"3356.70"},"得力、晨光、金得利"]
[30,"▲","回形针","彩色；29mm；160个/盒",346,"盒",2.78,961.88,"得力、晨光、齐心、广博"]
[31,"▲","回形针","普通；29mm；100个/盒；镀镍防锈",1534,"盒",1.12,1718.08,"得力、晨光、齐心、广博"]
[32,"▲","计算器","12位，电脑按键、双电源驱动",210,"台",19.73,{"v":4143.3,"d":"4143.30"},"得力、晨光、齐心"]
[33,"▲","科学计算器","函数计算器",41,"台",39.07,1601.87,"卡西欧、晨光、得力"]
[34,null,"介刀","0.4*9.0*80mm",116,"把",2.24,259.84,"宝工、威力狮、得力"]
[35,null,"美工刀","33225，大号，塑料",226,"把",{"v":5.6,"d":"5.60"},{"v":1265.6,"d":"1265.60"},"得力、晨光、齐心"]
[36,null,"剪刀","160mm",369,"把",2.79,1029.51,"得力、晨光、齐心"]
[37,null,"不锈钢剪刀","17.5CM*9CM",81,"把",4.45,360.45,"得力、齐心、广博"]
[38,"▲","皮笔记本","A5；100页；耐磨PU皮面，内页为70g米黄色道林纸",361,"本",13.95,5035.95,"得力、齐心、广博"]
[39,null,"笔记本","297*210mm；100页",457,"本",4.48,2047.36,"得力、齐心、广博"]
[40,null,"笔记本","A5；60页",388,"本",1.68,651.84,"得力、齐心、广博"]
[41,null,"直尺","30cm；塑料",256,"把",1.22,312.32,"得力、晨光、齐心"]
[42,null,"钢尺","30cm",101,"把",{"v":4.5,"d":"4.50"},{"v":454.5,"d":"454.50"},"得力、晨光、齐心"]
[43,null,"防水格子袋","A4",2441,"个",1.12,2733.92,"得力、晨光、齐心、广博"]
[44,null,"网格拉链袋","A4",2661,"个",2.21,5880.81,"得力、晨光、齐心、广博"]
[45,null,"网格拉链袋","A3",345,"个",3.33,1148.85,"得力、晨光、齐心、广博"]
[46,null,"订书机","小型",162,"个",4.48,725.76,"得力、晨光、齐心、广博"]
[47,"▲","订书机","标准309",267,"个",{"v":6.7,"d":"6.70"},{"v":1788.9,"d":"1788.90"},"得力、晨光、齐心、广博"]
[48,"▲","订书机","厚层，重型；可订210页",48,"个",67.42,3236.16,"得力、晨光、齐心、广博"]
[49,"▲","装订机","带线装订，打孔厚度80mm",13,"部",193.38,2513.94,"云广、得力、晨光"]
[50,null,"订书针","G2127",356,"盒",0.56,199.36,"得力、晨光、齐心"]
[51,null,"大订书针","标准",248,"盒",1.12,277.76,"得力、晨光、齐心"]
[52,null,"大订书针","厚层1000pcs",45,"盒",3.39,152.55,"得力、晨光、齐心"]
[53,null,"不锈钢订书钉小号","10#1000枚/盒，304不锈钢",833,"盒",{"v":2.8,"d":"2.80"},{"v":2332.4,"d":"2332.40"},"乐春天、兰台、盛泰"]
[54,"▲","不锈钢订书钉","12# （24/6），304不锈钢",765,"盒",4.45,3404.25,"乐春天、兰台、盛泰"]
[55,"▲","不锈钢订书钉","（26/8）1000枚/盒，304不锈钢",78,"盒",5.66,441.48,"乐春天、兰台、盛泰"]
[56,"▲","不锈钢订书钉","（23/13）1000枚/盒，304不锈钢",117,"盒",6.72,786.24,"乐春天、兰台、盛泰"]
[57,"▲","不锈钢订书钉","（23/17）1000枚/盒，304不锈钢",65,"盒",6.72,{"v":436.8,"d":"436.80"},"乐春天、兰台、盛泰"]
[58,null,"取订器",null,233,"个",2.23,519.59,"得力、晨光、齐心"]
[59,null,"打孔机","20页",12,"个",14.09,169.08,"得力、晨光、三木"]
[60,null,"透明胶带","60mm*100y",564,"卷",5.58,3147.12,"得力、晨光、可得优"]
[61,null,"透明胶带","18mm*30y",763,"卷",0.84,640.92,"得力、晨光、可得优"]
[62,null,"透明胶带","45mm*60y",368,"卷",3.33,1225.44,"得力、晨光、可得优"]
[63,null,"便利贴","76*51mm；100张/包；单色",680,"包",{"v":1.4,"d":"1.40"},{"v":952,"d":"952.00"},"得力、晨光、齐心、广博"]
[64,null,"便利贴","76mm*76mm；100张/包；单色",1210,"包",{"v":1.7,"d":"1.70"},{"v":2057,"d":"2057.00"},"得力、晨光、齐心、广博"]
[65,null,"便利标签","76*19mm；四色荧光色；4pcs*100张",748,"包",1.68,1256.64,"得力、晨光、齐心、广博"]
[66,null,"索引标签指示贴","透明防水，3色N次贴荧光膜小号28*12mm300枚或中号28*25mm180枚或大号28*45mm100枚",104,"包",6.63,{"$f":"+G70*E70","v":689.52},"得力、晨光、齐心、白利金人"]
[67,null,"告示贴","(英发15*50MM)",30,"包",1.94,{"v":58.2,"d":"58.20"},"得力、晨光、齐心"]
[68,null,"不干胶标签纸","23*49mm；60枚/包；红色",56,"包",1.41,78.96,"得力、晨光、广博"]
[69,null,"不干胶标签纸","23*33mm；80枚/包；蓝色",34,"包",{"v":1.4,"d":"1.40"},{"v":47.6,"d":"47.60"},"得力、晨光、广博"]
[70,null,"不干胶标签纸","25*30mm；90枚/包；红色/蓝色",53,"包",1.42,75.26,"得力、晨光、广博"]
[71,null,"不干胶标签纸","18*32mm；120枚/包；红色/蓝色",59,"包",1.41,83.19,"得力、晨光、广博"]
[72,null,"不干胶标签纸","25*38MM、白色、488贴/包",83,"包",1.67,138.61,"得力、晨光、广博"]
[73,null,"不干胶标签纸","19*50MM、白色、450贴/包",82,"包",1.68,137.76,"得力、晨光、广博"]
[74,null,"热敏标签打印纸","70mm*40mm，1000张（横版）",47,"卷",8.43,396.21,"得力、诺码、昕维"]
[75,null,"热敏标签打印纸","40mm*30mm，800张（横版）",21,"卷",5.58,117.18,"得力、诺码、昕维"]
[76,null,"双头油性记号笔","细头：0.5mm；粗头1.0mm，12支/盒，黑色",238,"盒",{"v":13.9,"d":"13.90"},{"v":3308.2,"d":"3308.20"},"得力、晨光、斑马"]
[77,null,"油性记号笔","红色；10支装",114,"盒",{"v":11.2,"d":"11.20"},{"v":1276.8,"d":"1276.80"},"得力、晨光、斑马"]
[78,null,"油性大头笔","黑色；10支装",234,"盒",11.13,2604.42,"得力、晨光、斑马"]
[79,null,"油性大头笔","蓝色；10支装",79,"盒",11.16,881.64,"得力、晨光、斑马"]
[80,null,"油性大头笔","红色；10支装",108,"盒",11.24,1213.92,"得力、晨光、斑马"]
[81,null,"7号信封","229*162mm，120g黄牛皮纸",500,"个",0.28,{"v":140,"d":"140.00"},"得力、晨光、广博"]
[82,null,"9号信封","324×229mm（A4）、120g黄牛皮纸",777,"个",0.28,217.56,"得力、晨光、广博"]
[83,null,"档案盒","A4 310*220*50mm，牛皮纸",1060,"个",{"v":1.4,"d":"1.40"},{"v":1484,"d":"1484.00"},"得力、晨光、齐心、广博"]
[84,"▲","档案盒","A4；35mm；PVC材质；蓝色/黑色；硬纸板",578,"个",{"v":8.4,"d":"8.40"},{"v":4855.2,"d":"4855.20"},"得力、晨光、齐心、广博"]
[85,"▲","档案盒","A4；55mm；PVC材质带夹压纸文件夹子，蓝色/黑色；硬纸板",505,"个",10.11,5105.55,"得力、晨光、齐心、广博"]
[86,"▲","档案盒","A4；75mm；PVC材质带夹压纸文件夹子，蓝色/黑色；硬纸板",252,"个",12.23,3081.96,"得力、晨光、齐心、广博"]
[87,"▲","档案盒","尺寸：33.5*45*5.5CM，材质：PVC热封纸板+磁扣+钢夹，蓝色，加厚",221,"个",14.09,3113.89,"得力、晨光、今日、富得快"]
[88,"▲","档案盒","皮质档案盒 A4加厚档案盒 文件盒 资料盒 磁扣 包胶 皮面 带压纸夹文件夹 HY1331A 蓝色【3英寸 背宽65mm】32.5mm*65mm*240mm,约夹400张A4纸",404,"个",14.05,{"v":5676.2,"d":"5676.20"},"得力、晨光、今日、富得快"]
[89,"▲","用友A4凭证装订封面（横版）","规格：298*212*30，西玛DX01036,250张/箱",83,"箱",116.43,9663.69,"西玛，金碟，添美"]
[90,null,"橡皮擦","2B；32*22*13mm",546,"块",0.56,305.76,"得力、真彩、猫太子\n"]
[91,"▲","削笔器","可调粗细手摇，自动削笔机",126,"个",16.85,{"v":2123.1,"d":"2123.10"},"得力、晨光、齐心、广博"]
[92,null,"双面胶","24mm，长度为10Y或以上",734,"卷",1.68,1233.12,"得力、3M、房屋医生"]
[93,"▲","国旗","190*128cm，3号",43,"面",19.66,845.38,"得力、晨光、三益档案"]
[94,null,"红旗","144*96cm，4号",5,"面",13.95,69.75,"得力、晨光、三益档案"]
[95,null,"修正液/涂改液","12-18ml；安全无毒，通过GB21027学生安全通用要求；快干",1054,"支",2.23,2350.42,"得力、真彩、乐普升"]
[96,null,"圆形笔筒","金属网格、防滑脚垫，直径91mm*高度98mm",178,"个",3.36,598.08,"得力、晨光、齐心"]
[97,"▲","多功能办公笔筒","金属网格、防滑脚垫",42,"个",16.58,696.36,"得力、晨光、齐心"]
[98,null,"桌面整理塑胶文件柜","265*344*245　四层（无锁）",6,"个",45.25,{"v":271.5,"d":"271.50"},"得力、齐心、晨光"]
[99,null,"透明书写板","315*225mm，适用于夹A4纸",569,"块",5.53,3146.57,"得力、齐心、晨光"]
[100,"▲","文件架","四联；加厚；PP材质；323*265*310mm（蓝色）",132,"个",13.95,{"v":1841.4,"d":"1841.40"},"得力、齐心、晨光"]
[101,"▲","三格文件架","三联；加厚，隔板单片厚度达2.4mm；PP材质；314*258*262mm（蓝色）",66,"个",{"v":11.2,"d":"11.20"},{"v":739.2,"d":"739.20"},"得力、齐心、晨光"]
[102,"▲","三格文件座","三格；PS材质；加厚加厚，隔板单片厚度达2.4mm；245*330*260mm",49,"个",{"v":13.9,"d":"13.90"},{"v":681.1,"d":"681.10"},"得力、齐心、晨光"]
[103,null,"消防检查卡","130*95mm，含卡套、扎带",361,"张",2.26,815.86,"斯图、稳斯坦、魅祥"]
[104,null,"白板擦","50*125*25mm",54,"个",2.78,150.12,"得力、齐心、晨光"]
[105,null,"密封袋","加厚密封，食品级PE材质，40只装；尺寸 （17cmx24cm），",33,"盒",8.35,275.55,"柯瑞尔、妙洁、登比"]
[106,"▲","透明液体胶水","50ml，无甲醛，粘性强，12支/盒",{"v":101.5,"d":"102"},"盒",13.95,{"v":1415.925,"d":"1415.93"},"得力、晨光、齐心"]
[107,null,"固体胶","30g及以上；12支/盒；不含甲醛；PVP固体胶",273,"盒",16.74,4570.02,"汉高、得力、晨光"]
[108,"▲","印台","红色；φ80mm；油性防水；快干油墨",255,"个",{"v":7,"d":"7.00"},{"v":1785,"d":"1785.00"},"利佰代、得力、晨光"]
[109,"▲","大印台","138*88MM，红色；油性防水；快干油墨",41,"个",11.12,455.92,"利佰代、得力、晨光"]
[110,"▲","印油","红色；40ml采用快干油性染料系印油，印迹快干清晰，防水性、耐光性及抗褪色性俱佳。",194,"支",{"v":5.6,"d":"5.60"},{"v":1086.4,"d":"1086.40"},"利佰代、得力、晨光"]
[111,null,"明色朱液","30g",71,"支",7.25,514.75,"利百代、得力、西玛"]
[112,null,"光敏印油","9879  ，号码机油墨",19,"瓶",3.39,64.41,"任意品牌"]
[113,"▲","电话机","来电显示",158,"台",36.15,{"v":5711.7,"d":"5711.70"},"TCL、飞利浦、摩托罗拉"]
[114,null,"报书刊架","635*360*1250mm",3,"个",111.62,334.86,"得力、晨光、齐心"]
[115,null,"报纸架","635*270*820mm",1,"个",83.43,83.43,"得力、晨光、齐心"]
[116,null,"隔音耳塞","入耳式，2个独立包装，10个/包",6,"包",14.05,{"v":84.3,"d":"84.30"},"3M、得力、晨光、"]
[117,null,"电工胶布","16mm*9.5m/卷，红色，绝缘",323,"卷",1.67,539.41,"得力、晨光、齐心"]
[118,null,"海绵胶","24mm*5y*2.5mm*4.5米/卷",208,"卷",1.69,351.52,"得力、晨光、齐心"]
[119,null,"仓库磁性标签材料卡","五轮，磁吸，8.8*12.5cm；长方形",30,"块",2.21,{"v":66.3,"d":"66.30"},"斯图、稳斯坦、魅祥"]
[120,null,"仓库磁性标签材料卡","强磁，三轮75mm*55mm",130,"个",1.38,{"v":179.4,"d":"179.40"},"斯图、稳斯坦、魅祥"]
[121,"▲","插座","6插位；总控开关；儿童保护门；3米，带USB插口",109,"个",47.44,5170.96,"公牛、飞利浦、小米、得力"]
[122,"▲","插座","3-6位，总控开关，全长5米",182,"个",{"v":39.2,"d":"39.20"},{"v":7134.4,"d":"7134.40"},"公牛、飞利浦、小米、得力"]
[123,"▲","插座","3-10位，总控开关，全长10米",145,"个",83.44,{"v":12098.8,"d":"12098.80"},"公牛、飞利浦、小米、得力"]
[124,null,"意见箱","220*120*290mm，铝合金材质",9,"个",38.94,350.46,"得力、晨光、齐心"]
[125,null,"钥匙圈","不锈钢直径30mm",200,"个",0.57,{"v":114,"d":"114.00"},"得力、晨光、齐心"]
[126,null,"钥匙盘","不锈钢，30位加厚牌粗圈",28,"个",{"v":16.8,"d":"16.80"},{"v":470.4,"d":"470.40"},"得力、晨光、齐心"]
[127,null,"钥匙箱","72位；400mm*55*475",6,"个",139.53,837.18,"得力、晨光、国为"]
[128,"▲","烧水壶","1.7L；内胆为304食品接触用不锈钢；双层防烫壶体；防干烧保护",217,"个",72.08,15641.36,"美的、苏泊尔、九阳"]
[129,null,"入库单","三联",65,"本",1.68,{"v":109.2,"d":"109.20"},"浩立信、得力、晨光"]
[130,null,"出库单","三联",65,"本",1.66,{"$f":"+G134*E134","v":{"v":107.9,"d":"107.90"}},"浩立信、得力、晨光"]
[131,null,"领料单","三联",855,"本",1.66,{"v":1419.3,"d":"1419.30"},"浩立信、得力、晨光"]
[132,null,"出入库单","176mm*128mm 三联",35,"本",2.81,98.35,"浩立信、得力、晨光"]
[133,null,"收据","三联",38,"本",2.78,105.64,"成文厚、主力、皓博"]
[134,null,"货架","200*40*200cm/4层，防锈，每层承重至少200kg，0.38mm厚钢板",47,"个",332.61,15632.67,"青松、艾维曼、信京"]
[135,"▲","复印纸","A4； 80g/m2；108um厚；96.4%不透明度；零尘埃度；500张/包；5包/箱；全木浆；纸张多用于存档，不建议使用再生纸和含酸性的纸",1359,"箱",83.71,113761.89,"亚太森博（拷贝可乐）、UPM佳印（绿佳印）、新橙天章"]
[136,"▲","复印纸","A4； 85g/m2；108um厚；96.4%不透明度；零尘埃度；500张/包；5包/箱；全木浆；纸张多用于存档，不建议使用再生纸和含酸性的纸",785,"箱",101.14,{"v":79394.9,"d":"79394.90"},"double A、UPM佳印（红卓越佳印）、亚太森博（红百旺）"]
[137,"▲","复印纸","A3； 80g/m2；108um厚；96.4%不透明度；零尘埃度；500张/包；5包/箱；全木浆；纸张多用于存档，不建议使用再生纸和含酸性的纸",132,"箱",{"v":155.2,"d":"155.20"},{"v":20486.4,"d":"20486.40"},"亚太森博（拷贝可乐）、UPM佳印（绿佳印）、新橙天章"]
[138,"▲","复印纸","A3； 85g/m2；108um厚；96.4%不透明度；零尘埃度；500张/包；5包/箱；全木浆；纸张多用于存档，不建议使用再生纸和含酸性的纸",36,"箱",195.98,7055.28,"double A、UPM佳印（红卓越佳印）、亚太森博（红百旺）"]
[139,null,"复印纸","A4；粉色；500张/包，每箱5包",59,"箱",116.42,6868.78,"得力、晨光、天章"]
[140,null,"复印纸","A3；粉色；500张/包，每箱5包",11,"箱",222.45,2446.95,"得力、晨光、天章"]
[141,"▲","碳粉","匹配laser Jet 700MFP M725dn",13,"个",111.62,1451.06,"灵印、格之格、天威"]
[142,"▲","硒鼓","HP88A晒鼓；大容量；A4理论打印量为2000张以上",1,"个",112.37,112.37,"灵印、格之格、天威"]
[143,"▲","墨盒","适配HP Officejet 7110型，黑彩墨盒套装，大容量，带芯片；A4理论印数1000张以上",3,"套",166.88,500.64,"灵印、格之格、天威"]
[144,"▲","硒鼓","适用于HP M203DW打印机 可大约打印3500张",5,"个",140.47,702.35,"绘威、格之格、天威"]
[145,"▲","硒鼓","惠普，适用M252DW 四色套装",15,"套",{"v":225.5,"d":"225.50"},{"v":3382.5,"d":"3382.50"},"绘威、格之格、天威"]
[146,"▲","硒鼓","惠普/HP硒鼓88A硒鼓cc388a，适配HP laserJet P1108",117,"个",89.61,10484.37,"绘威、格之格、天威"]
[147,"▲","自动4位归零数字打码机","连续打印、印字清晰、自动上墨",12,"个",{"v":45.1,"d":"45.10"},{"v":541.2,"d":"541.20"},"新元昌、得力、可得优"]
[148,"▲","自动3位归零数字打码机","连续打印、印字清晰、自动上墨",9,"个",44.95,404.55,"新元昌、得力、可得优"]
[149,"▲","路由器","无线双频：2.4GHz 和 5GHz，四线3000M",40,"台",168.56,{"v":6742.4,"d":"6742.40"},"华为、水星、TP-link，小米"]
[150,null,"小白板","100*70cm",4,"块",66.75,{"v":267,"d":"267.00"},"臻格、得力、晨光"]
[151,"▲","过塑膜","A4，100张/盒",60,"盒",{"v":28,"d":"28.00"},{"v":1680,"d":"1680.00"},"得力、齐心、雷盛"]
[152,"▲","过塑膜","A3，100张/盒",16,"盒",{"v":56,"d":"56.00"},{"v":896,"d":"896.00"},"得力、齐心、雷盛"]
[153,"▲","网线","六类千兆网线工程版 0.57mm纯铜线芯 CAT6类8芯双绞箱线 家装宽带布线 非屏蔽",430,"米",2.78,{"v":1195.4,"d":"1195.40"},"绿联、安普康、飞利浦"]
[154,null,"水晶头","六类网线水晶头 6类千兆网络接头 Cat6水晶头镀金",577,"个",0.56,323.12,"绿联、安普康、飞利浦"]
[155,"▲","网线","6类，3米；纯铜线芯 千兆高速，八芯双绞",43,"条",11.51,494.93,"绿联、安普康、飞利浦"]
[156,"▲","网线","6类，5米；纯铜线芯 千兆高速，八芯双绞",38,"条",13.95,{"v":530.1,"d":"530.10"},"绿联、飞利浦、山泽、安润达"]
[157,null,"网线","百兆，10m",5,"条",13.95,69.75,"绿联、飞利浦、山泽、安润达"]
[158,null,"VGA高清传输线","1080P",6,"米",8.37,50.22,"达而稳、晶华、优联"]
[159,"▲","无线鼠标","静音，无线，外接USB",179,"个",33.72,6035.88,"罗技、小米、雷柏"]
[160,"▲","有线鼠标","电脑通用",172,"个",13.96,2401.12,"联想、华硕、戴尔"]
[161,null,"充电宝","10000mAh手机充电宝",60,"个",56.19,{"v":3371.4,"d":"3371.40"},"小米、华为、品胜"]
[162,null,"色带","S015290/S010076黑色",5,"个",13.96,{"v":69.8,"d":"69.80"},"绘威、格之格、天威"]
[163,null,"手推车","承重400斤、静音、加厚支架",30,"台",140.47,{"v":4214.1,"d":"4214.10"},"华宝、南狮、信京"]
[164,null,"挂钟","圆形、11英寸",35,"个",{"v":39.2,"d":"39.20"},{"v":1372,"d":"1372.00"},"北极星、恒时、精科"]
[165,null,"按钮圆珠笔","BP-8109 BALLPOINT、0.5黑色/蓝色、12支/盒",134,"盒",13.77,1845.18,"得力、晨光、齐心"]
[166,null,"激光笔","黑色、100米远控",40,"支",36.27,{"v":1450.8,"d":"1450.80"},"诺为、得力、罗技"]
[167,null,"桶装水电动抽水器","充电款",73,"个",{"v":30.6,"d":"30.60"},{"v":2233.8,"d":"2233.80"},"子路、小米、拜杰"]
[168,"▲","DVD刻录机","LG，GP65,超薄外置轻便式",1,"个",122.79,122.79,"绿联、联想、绿巨能"]
[169,null,"高速读卡器","usb3.0二合一多功能，适用手机单反相机",14,"个",30.39,425.46,"绿联、品胜、绿巨能"]
[170,null,"电脑包","通用手提电脑包",6,"个",55.61,333.66,"戴尔、联想、华为"]
[171,null,"会议牌","加厚三角会议牌、内部尺寸180*100mmV型亚克力桌牌",151,"个",5.53,835.03,"宝克、和日升、国俊众博"]
[172,"▲","USB扩展器",null,20,"个",30.69,{"v":613.8,"d":"613.80"},"绿联、联想、优越者"]
[173,null,"标签纸","BC-01",4,"包",27.72,110.88,"合隆、齐心、广博"]
[174,null,"燃气灶电池","碳性大号1号电池",12,"对",7.28,87.36,"南孚、金霸王、公牛"]
[175,null,"封面牛皮纸","150克及以上/张，A4，100张/包",11,"包",8.43,92.73,"得力、齐心、广博"]
[176,null,"文件汇编","浅肤色，2.5CM",7,"个",{"v":14,"d":"14.00"},{"v":98,"d":"98.00"},"盛泰、得力、齐心"]
[177,null,"钥匙牌（吊牌）","彩色50个/盒",31,"盒",12.36,383.16,"得力、齐心、广博"]
[178,"▲","装订铆管","透明尼龙，适用装订机3880，100支/盒，Ø5.2*500mm",17,"盒",73.05,1241.85,"得力、晨光、齐心"]
[179,"▲","装订机原装钻刀","适用装订机3880，打孔直径6mm，钻孔深度50mm",1,"个",{"v":45.1,"d":"45.10"},{"v":45.1,"d":"45.10"},"得力、晨光、齐心"]
[180,null,"档案袋","340*240*40mm，采用250g牛皮纸制作，绳扣50个/包，防霉防潮",475,"包",28.09,13342.75,"任意品牌"]
[181,null,"磁钉","30mm，30只装/盒/筒",7,"筒",11.16,78.12,"任意品牌"]
[182,null,"键盘","台式或笔记本电脑通用",168,"个",{"v":55.8,"d":"55.80"},{"v":9374.4,"d":"9374.40"},"任意品牌"]
[183,null,"鼠标垫","佳积布面鼠标垫/25*20cm",218,"块",5.58,1216.44,"得力、晨光、齐心"]
[184,null,"裁纸机","升级板面板和刀片加长20mm",8,"台",83.15,{"v":665.2,"d":"665.20"},"得力、晨光、齐心"]
[185,null,"电话线","二芯全铜，5米",34,"条",8.37,284.58,"任意品牌"]
[186,null,"移动光驱","外置DVD光驱笔记本台式机通用移动USB电脑CD刻录机外接光驱盒",7,"个",33.83,236.81,"任意品牌"]
[187,null,"电池","23A 12V",315,"个",2.82,{"v":888.3,"d":"888.30"},"任意品牌"]
[188,null,"hdmi线","2米",58,"条",8.31,481.98,"任意品牌"]
[189,null,"固态硬盘","sata3接口，256G",24,"个",134.15,{"v":3219.6,"d":"3219.60"},"任意品牌"]
[190,null,"圆形磁粒","红色装，50粒，30mm",11,"筒",12.32,135.52,"任意品牌"]
[191,null,"圆形磁粒","黄色装，50粒，30mm",4,"筒",12.24,48.96,"任意品牌"]
[192,null,"圆形磁粒","绿色装，50粒，30mm",4,"筒",12.36,49.44,"任意品牌"]
[193,null,"书写板","灰色不透明，带夹笔功能 A4",118,"个",9.02,1064.36,"任意品牌"]
[194,null,"502胶水","20g",223,"支",3.35,{"$f":"+G198*E198","v":747.05},"任意品牌"]
[195,null,"高清线","1米，2.0版 4K，60Hz，锌合金款",2,"条",36.41,72.82,"任意品牌"]
[196,null,"不干胶打印纸","A4，BC-01",13,"包",25.12,326.56,"任意品牌"]
[197,null,"数据线","66W",19,"条",25.03,475.57,"任意品牌"]
[198,"▲","闪迪TF卡","128GB",5,"个",81.74,{"v":408.7,"d":"408.70"},"闪迪、金士顿、三星"]
[199,"▲","闪迪SD卡","128GB",5,"个",167.41,837.05,"闪迪、金士顿、三星"]
[200,null,"相片纸","4R，230克，100张/包",16,"包",12.19,195.04,"任意品牌"]
[201,null,"印章","财务通用印章",7,"个",11.13,77.91,"任意品牌"]
[202,null,"拓展坞","一拖四",10,"个",19.34,{"v":193.4,"d":"193.40"},"任意品牌"]
[203,null,"白板长形磁粒","30CM",10,"条",1.54,{"v":15.4,"d":"15.40"},"任意品牌"]
[204,null,"白板长形磁粒","20CM",131,"条",{"v":1.1,"d":"1.10"},{"v":144.1,"d":"144.10"},"任意品牌"]
[205,null,"针式打印机色带","适用打印机型号：DS-600T，品牌--DASCOM得实；色带型号：80D-10色带架（含带芯）；规格--黑色，带长21M，带宽13MM",33,"盒",18.73,618.09,"任意品牌"]
[206,null,"不干胶贴纸","规格30*170mm，2000张/包",2,"包",128.68,257.36,"任意品牌"]
[207,null,"文件收纳盒","A4带卡扣、30.5cm*23*cm*2cm;",83,"个",10.35,859.05,"任意品牌"]
[208,null,"设备故障维修记录表","100页/本，长28.9*宽22CM",61,"本",5.75,350.75,"任意品牌"]
[209,null,"纽扣电池","CR2032，3V",93,"个",1.72,159.96,"任意品牌"]
[210,null,"纽扣电池","A76/LR44",50,"个",0.77,{"v":38.5,"d":"38.50"},"任意品牌"]
[211,null,"纽扣电池","cr2450",40,"个",1.72,{"v":68.8,"d":"68.80"},"任意品牌"]
[212,null,"纽扣电池","cr2032",37,"个",1.65,61.05,"任意品牌"]
[213,null,"纽扣电池","cr2025",60,"个",1.72,{"v":103.2,"d":"103.20"},"任意品牌"]
[214,null,"自动2位归零数字打码机","连续打印、印字清晰、自动上墨",4,"个",34.52,138.08,"任意品牌"]
[215,null,"涂改带/修正带","4m*5MM",45,"个",2.76,{"v":124.2,"d":"124.20"},"任意品牌"]
[216,null,"标签色带","3.6cm黄底黑字",50,"盒",17.26,{"v":863,"d":"863.00"},"任意品牌"]
[217,null,"标签色带","1.2cm黄黑黑字",50,"盒",13.23,{"v":661.5,"d":"661.50"},"任意品牌"]
[218,null,"标签色带","1.2cm白底黑字",50,"盒",13.23,{"v":661.5,"d":"661.50"},"任意品牌"]
[219,"▲","交换机","千兆交换机8口",30,"个",48.89,{"v":1466.7,"d":"1466.70"},"水星、腾达、绿联"]
[220,null,"标签色带","1.8cm黄底黑字",50,"盒",16.11,{"v":805.5,"d":"805.50"},"任意品牌"]
[221,null,"档案年份印章","橡胶6*15mm",5,"个",5.75,28.75,"任意品牌"]
[222,null,"11孔资料袋","加厚单个厚度0.12mm,   A4",4,"个",0.18,0.72,"任意品牌"]
[223,null,"自封袋","加厚透明PE材料，16丝、30cm*40cm食品密封袋",300,"个",0.34,{"v":102,"d":"102.00"},"任意品牌"]
[224,null,"投票箱","400X280X570MM,净重5KG",3,"个",48.91,146.73,"任意品牌"]
[225,null,"内存条","4G或8G",82,"个",46.02,3773.64,"任意品牌"]
[226,null,"过磅单","三联4000份/箱，长241MMX宽152.4MM，要带编码。",2,"箱",100.48,200.96,"任意品牌"]
["二、后勤物资（共249项）"]
[1,"▲","保鲜膜","25cm*50m，食品级，免刀撕",220,"卷",8.31,{"$f":"+G232*E232","v":{"v":1828.2,"d":"1828.20"}},"妙洁、茶花、佳能"]
[2,"▲","保鲜袋","40*45；50只/卷食品级",561,"卷",8.42,{"$f":"+G233*E233","v":4723.62},"妙洁、茶花、佳能"]
[3,"▲","保鲜袋","25*35cm；100只/卷",210,"卷",{"v":8.4,"d":"8.40"},{"v":1764,"d":"1764.00"},"妙洁、茶花、佳能"]
[4,"▲","保鲜袋","中号；30*40cm；100只/卷",254,"卷",11.24,2854.96,"妙洁、茶花、佳能"]
[5,null,"84消毒液","1.2KG",162,"瓶",10.05,{"v":1628.1,"d":"1628.10"},"蓝月亮、威猛、威王"]
[6,"▲","84漂白除菌液","20KG漂白水",9,"桶",84.29,758.61,"蓝月亮、威猛、威王"]
[7,null,"大白胶袋","40CM，20个",230,"扎",5.58,{"v":1283.4,"d":"1283.40"},"海天、恒顺、镇江"]
[8,null,"玻璃刮","30-60CM宽，可伸缩",57,"把",30.39,1732.23,"优品、3M、龟牌"]
[9,null,"玻璃水","无色500ml无水痕",254,"瓶",19.27,4894.58,"花王、威猛先生、蓝月亮"]
[10,null,"不锈钢保养剂","不锈钢金属门、电梯清洁护理500ml",17,"瓶",19.66,334.22,"3M、客里客、洁康"]
[11,null,"不锈钢烟灰缸","圆形，直径8cm",22,"个",11.16,245.52,"广意、 津熙优品、佳佰"]
[12,null,"食品留样标签","50*40mm,5000张，可移除无残留，易撕取强粘背胶",25,"包",112.75,2818.75,"净也、精臣、京小标、睿爸"]
[13,null,"食品留样盒","300ml,8.7*8.7*6.5cm    4个/套",178,"套",8.46,1505.88,"HDHE、博惠、纳丽雅"]
[14,"▲","捣蒜机","2L及以上，全304不钢自动绞，双档",8,"台",111.22,889.76,"皮谱、苏泊尔、磨飞、欧斯若"]
[15,null,"丁晴手套","白色,S-L码，一次性乳胶手套 50双/盒",392,"盒",39.33,15417.36,"洛滑、爱马斯、稳斯坦"]
[16,null,"围裙","PVC，加厚防水S-L码，65*78cm",601,"条",8.37,5030.37,"沃巴伦、欧丽家、景超富康"]
[17,null,"胶篮","34*45*13cm，沥水",165,"个",{"v":16.8,"d":"16.80"},{"v":2772,"d":"2772.00"},"茶花、京兰、宿巢"]
[18,"▲","柠檬洗洁精","20kg",616,"桶",100.81,62098.96,"劳工牌、立白、雕牌"]
[19,null,"洗洁精","1KG及以上",2257,"瓶",{"v":8.4,"d":"8.40"},{"v":18958.8,"d":"18958.80"},"劳工牌、立白、雕牌"]
[20,null,"洗衣粉","5kg",503,"包",25.29,12720.87,"立白、雕牌、汰渍"]
[21,null,"洗衣粉","1KG",1419,"包",6.74,9564.06,"立白、雕牌、汰渍"]
[22,null,"小苏打","200g",195,"包",{"v":2.8,"d":"2.80"},{"v":546,"d":"546.00"},"舒可曼、太港、莲花健康"]
[23,null,"天然丝瓜络","10-15cm",68,"个",4.51,306.68,"任意品牌"]
[24,"▲","抽纸","130抽及以上，三-四层，100%原生木浆",66586,"包",3.38,225060.68,"得宝、维达、心相印"]
[25,"▲","擦手纸","200张，100%原生木浆",25504,"包",5.02,128030.08,"维达、洁柔、清风"]
[26,"▲","大卷纸","商务大卷纸12卷/箱，约100*115mm/节，三层100%原生木浆",675,"箱",101.48,{"v":68499,"d":"68499.00"},"维达、洁柔、清风"]
[27,"▲","卷纸","10卷/条，160g及以上/卷",9361,"条",15.78,147716.58,"维达、洁柔、清风"]
[28,null,"鸡毛掸","常规款",16,"个",{"v":19.6,"d":"19.60"},{"v":313.6,"d":"313.60"},"宝家洁、佳帮手、居家家"]
[29,null,"炉灶清洁剂","2.5KG",29,"桶",25.29,733.41,"威猛、潮牛、花王"]
[30,null,"绿水","3.78L",410,"桶",{"v":25.2,"d":"25.20"},{"v":10332,"d":"10332.00"},"金宝、超宝正、白云洁霸"]
[31,null,"浇花壶","加厚1.5-3L手动气压式喷壶，塑料",2,"个",16.74,33.48,"劲胜、浩胜、嘉魅"]
[32,null,"喷壶","塑料，250ML及以上",19,"个",5.54,105.26,"任意品牌"]
[33,null,"滚筒","10cm宽，30cm长柄",5,"个",11.24,{"v":56.2,"d":"56.20"},"任意品牌"]
[34,null,"牙膏","120-140g",35,"支",11.24,{"v":393.4,"d":"393.40"},"佳洁士、高露洁、黑人"]
[35,null,"毛巾","100%棉30*30cm",205,"条",5.58,{"v":1143.9,"d":"1143.90"},"洁丽雅、金号、全力"]
[36,null,"毛巾","100%棉30*70cm",1441,"条",4.45,6412.45,"洁丽雅、金号、全力"]
[37,null,"毛巾","30*70cm珊瑚绒面料",537,"条",4.48,2405.76,"任意品牌"]
[38,null,"毛巾","30*30cm珊瑚面料，挂式",35,"条",6.74,{"v":235.9,"d":"235.90"},"任意品牌"]
[39,null,"垃圾袋","120*140cm，可降解材质10只",924,"扎",8.29,7659.96,"任意品牌"]
[40,null,"垃圾袋（大）","可降解90*110cm，10只",2948,"包",5.56,16390.88,"任意品牌"]
[41,null,"垃圾袋（小）","可降解45*50cm或40*60cm,背心式，15只/包",13276,"包",1.12,14869.12,"任意品牌"]
[42,null,"垃圾袋","可降解35L垃圾桶用 60*80平口 黑色  15个/卷",1769,"卷",4.52,7995.88,"任意品牌"]
[43,null,"垃圾袋","可降解55L垃圾桶用 80*100平口 黑色 10个/卷",945,"卷",3.35,3165.75,"任意品牌"]
[44,null,"拖把","吸水，不带水印，棉90CM，不锈钢杆",368,"把",33.94,12489.92,"任意品牌"]
[45,null,"拖把","吸水，不带水印，棉60CM，不锈钢杆",243,"把",{"v":30.7,"d":"30.70"},{"v":7460.1,"d":"7460.10"},"任意品牌"]
[46,null,"拖把","圆形，棉、木杆",416,"把",11.32,4709.12,"任意品牌"]
[47,null,"海绵拖把","40CM",58,"把",33.15,{"v":1922.7,"d":"1922.70"},"任意品牌"]
[48,null,"拖把","圆形棉不锈钢杆",126,"个",{"v":22.4,"d":"22.40"},{"v":2822.4,"d":"2822.40"},"爱格、东仙、茶花"]
[49,null,"扫把","软",470,"把",{"v":5.6,"d":"5.60"},{"v":2632,"d":"2632.00"},"爱格、东仙、茶花"]
[50,null,"扫把","硬",677,"把",11.24,7609.48,"爱格、东仙、茶花"]
[51,null,"斜头地板刷","配96cm木柄",137,"把",5.56,761.72,"爱格、东仙、茶花"]
[52,null,"垃圾铲","胶带挂扫把孔",385,"个",11.12,{"v":4281.2,"d":"4281.20"},"爱格、东仙、茶花"]
[53,null,"蜘蛛扫","可伸缩，圆形塑料材质2.8米",125,"个",19.53,2441.25,"任意品牌"]
[54,null,"拖桶","加厚拖把桶，容量17-38L，可移动分离式沥水篮",304,"个",19.53,5937.12,"科力帮、茶花、珠塑"]
[55,null,"洗杯刷","一大一小海绵刷",38,"套",{"v":8.4,"d":"8.40"},{"v":319.2,"d":"319.20"},"任意品牌"]
[56,null,"茶水桶刷","加长柄毛刷一短一长",67,"套",{"v":11.2,"d":"11.20"},{"v":750.4,"d":"750.40"},"任意品牌"]
[57,null,"胶水管","6分胶水管，防爆纤维软管",2076,"米",4.43,9196.68,"联塑、乐泰、森戈"]
[58,null,"胶水管","4分胶水管米，防爆纤维软管",2061,"米",2.81,5791.41,"联塑、乐泰、森戈"]
[59,null,"大白胶桶","120L",29,"个",66.98,1942.42,"伟胜，百文、蓝天"]
[60,null,"水瓢","塑料",98,"个",5.67,555.66,"珠江、百文、蓝天"]
[61,null,"厨师帽","均码，红双条58-60cm,棉",139,"顶",{"v":4.5,"d":"4.50"},{"v":625.5,"d":"625.50"},"任意品牌"]
[62,null,"厨师服","S-L码",232,"件",30.28,7024.96,"任意品牌"]
[63,null,"马桶刷","38cm,塑料",251,"把",6.68,1676.68,"爱格、东仙、茶花"]
[64,null,"洁厕精","900g",2092,"瓶",{"v":8.4,"d":"8.40"},{"v":17572.8,"d":"17572.80"},"超威、强力、浪奇"]
[65,null,"夹菜夹子","304不锈钢",138,"把",{"v":8.4,"d":"8.40"},{"v":1159.2,"d":"1159.20"},"任意品牌"]
[66,null,"钢丝球","加厚，双层",2605,"个",1.12,{"$f":"+G297*E297","v":{"v":2917.6,"d":"2917.60"}},"美弗邦、洁丽仆、伟侠"]
[67,null,"地垫","1.5*0.6米",23,"块",50.06,1151.38,"任意品牌"]
[68,null,"地垫","1.6*3米",3,"张",235.18,705.54,"任意品牌"]
[69,null,"地垫","1.2*2.2米",4,"张",139.54,558.16,"任意品牌"]
[70,null,"地毯","红色欢迎光临1.8*1.2米",13,"块",82.88,1077.44,"任意品牌"]
[71,null,"储物箱","加厚大号约70L",41,"个",30.91,1267.31," 禧仕多、访客、佳帮手"]
[72,null,"储物箱","加厚中号约60L",39,"个",25.12,979.68," 禧仕多、访客、佳帮手"]
[73,null,"菜罩","加厚塑料",1,"个",13.81,13.81,"任意品牌"]
[74,null,"鞋刷","塑料",1,"把",3.89,3.89,"富居、登比、茶花"]
[75,"▲","杀虫剂","可消杀9种害虫，500ml",718,"瓶",11.13,7991.34,"榄菊、超威、强力"]
[76,null,"去污粉","500g",30,"瓶",{"v":8.4,"d":"8.40"},{"v":252,"d":"252.00"},"绿伞、斧头、春风"]
[77,"▲","电磁炉3500W","3500W",9,"台",202.27,1820.43,"德玛仕、志高、耐惠"]
[78,"▲","电饭煲","三角23L",5,"个",279.96,{"v":1399.8,"d":"1399.80"},"三角牌、德玛仕、炫虎"]
[79,"▲","电饭煲","三角28L",25,"个",309.02,{"v":7725.5,"d":"7725.50"},"三角牌、德玛仕、炫虎"]
[80,null,"不沾油锅碗刷",null,29,"把",8.35,242.15,"任意品牌"]
[81,null,"擦玻璃布","亮光布，擦玻璃清洁巾",138,"条",1.68,231.84,"善道、家政、旱龙"]
[82,null,"餐车","长宽高约70*40*90cm",1,"台",222.46,222.46,"柏德汇、锐迅、捷一"]
[83,null,"防烫垫","竹",10,"块",5.58,{"v":55.8,"d":"55.80"},"艾贝狸、京橘、半物生活"]
[84,null,"电蚊拍","充电",68,"个",19.53,1328.04,"榄菊、超威、久量"]
[85,null,"电蚊拍","USB充电",59,"个",{"v":30.7,"d":"30.70"},{"v":1811.3,"d":"1811.30"},"榄菊、超威、久量"]
[86,null,"泡茶壶","玻璃食品材质500ML",117,"个",22.17,2593.89,"元茗、金灶、天喜飘"]
[87,null,"免洗洗手液","抑菌650ml",32,"瓶",19.33,618.56,"滴露、六神、舒肤佳"]
[88,null,"灭蚁清","50包",45,"盒",19.53,878.85,"达豪、榄菊、天天"]
[89,null,"雨伞防水收纳袋","长柄伞用",5045,"个",0.12,{"v":605.4,"d":"605.40"},"任意品牌"]
[90,null,"雨伞架","24头烤漆带锁雨伞架",20,"套",196.67,{"v":3933.4,"d":"3933.40"},"任意品牌"]
[91,null,"地板胶","黑黄警示胶带，48mm*20米/卷",21,"卷",4.51,94.71,"任意品牌"]
[92,null,"苍蝇贴","170*150mm",200,"张",0.55,{"v":110,"d":"110.00"},"达豪、榄菊、天天"]
[93,null,"削皮刀","厨房用",120,"把",8.35,{"v":1002,"d":"1002.00"},"任意品牌"]
[94,null,"一次性食品手套","加厚，100只/包",276,"包",{"v":14,"d":"14.00"},{"v":3864,"d":"3864.00"},"天纯、百橙、木西田"]
[95,null,"环保饭盒","可降解，食品级",9820,"个",0.85,{"v":8347,"d":"8347.00"},"天纯、百橙、木西田"]
[96,null,"环保汤盒","可降解，食品级",7930,"个",0.85,{"v":6740.5,"d":"6740.50"},"天纯、百橙、木西田"]
[97,null,"一次性筷子","含纸巾、牙签、勺子、竹筷子",7891,"包",0.28,2209.48,"任意品牌"]
[98,"▲","洗手液","500g",2058,"瓶",8.35,{"v":17184.3,"d":"17184.30"},"蓝月亮、威露士、舒肤佳"]
[99,null,"红火蚁药","250g",12,"包",23.44,281.28,"达豪、榄菊、天天"]
[100,null,"强力消毒剂","20g*20包",22,"袋",{"v":8.9,"d":"8.90"},{"v":195.8,"d":"195.80"},"达豪、榄菊、天天"]
[101,null,"一次性纸杯","100只装/条；200ml及以上",1449,"条",8.48,12287.52,"妙洁、妙妙、得力"]
[102,null,"烟灰缸","玻璃12cm",11,"个",13.95,153.45,"任意品牌"]
[103,null,"茶水桶","带盖，5L",76,"个",15.73,1195.48,"任意品牌"]
[104,null,"厕所香片","5号",663,"片",2.81,1863.03,"任意品牌"]
[105,null,"厕所纸巾筒","14.5*15*12cm",81,"个",25.29,2048.49,"任意品牌"]
[106,null,"擦手纸抽盒","260*195*95mm，加厚",99,"个",30.49,3018.51,"任意品牌"]
[107,null,"强力挂钩","透明无痕，强力胶，免打孔",578,"个",1.12,647.36,"任意品牌"]
[108,"▲","带盖水桶","塑料加厚22L",34,"个",33.83,1150.22,"珠江、百文、蓝天"]
[109,null,"通厕弹簧","胶质不锈钢柄60cm",8,"条",28.09,224.72,"任意品牌"]
[110,null,"防水套袖","17*28cm",191,"双",6.16,1176.56,"任意品牌"]
[111,null,"铁铲","带长柄，方铲",48,"个",{"v":25.2,"d":"25.20"},{"v":1209.6,"d":"1209.60"},"任意品牌"]
[112,null,"垃圾铲","金属",132,"个",5.58,736.56,"任意品牌"]
[113,null,"厕所除臭球","可挂式",615,"个",1.68,{"v":1033.2,"d":"1033.20"},"华顺、冰花、冰晶花"]
[114,null,"油污净清洁剂","500g",547,"瓶",{"v":16.8,"d":"16.80"},{"v":9189.6,"d":"9189.60"},"任意品牌"]
[115,null,"厨房重油污净","500g",348,"瓶",16.74,5825.52,"固特威、威力洁、BOTNY"]
[116,null,"洗碗布","3条装",548,"包",5.54,3035.92,"妙洁、惠寻、福爱家"]
[117,null,"洗碗海绵","双层",470,"块",2.79,{"v":1311.3,"d":"1311.30"},"绿草香、南极人、靓涤"]
[118,null,"金银葱布","清洗台面",30,"块",1.66,{"v":49.8,"d":"49.80"},"任意品牌"]
[119,null,"铲刀","3寸",3,"个",4.45,13.35,"任意品牌"]
[120,null,"红胶凳","28*47*38cm",45,"个",13.81,621.45,"达木霖、和大人、四坊八巷"]
[121,null,"牙签","竹200支/包",3757,"包",1.12,4207.84,"鑫峰、芸婷、夏斐露"]
[122,null,"牙签筒","塑料",234,"个",{"v":2.8,"d":"2.80"},{"v":655.2,"d":"655.20"},"映源、漯岚、建安"]
[123,null,"蚊香","无香型",1799,"盒",0.56,1007.44,"榄菊，劲牛、枪手"]
[124,null,"打包绳","胶袋 白色，250-350g",13,"卷",8.43,109.59,"任意品牌"]
[125,null,"棉手套","白色",17755,"双",0.47,8344.85,"援帮、贸正、上品"]
[126,null,"灯笼","直径150#植绒白板全红无图案",12,"个",101.15,{"v":1213.8,"d":"1213.80"},"魅田、建盼、雄冠"]
[127,null,"固体清新剂","70g及以上",363,"罐",2.78,1009.14,"固特威、威力洁、BOTNY"]
[128,null,"空气清新剂","3200次自动喷",200,"罐",11.24,{"v":2248,"d":"2248.00"},"固特威、威力洁、BOTNY、SVAVO"]
[129,null,"斩骨刀","1号",50,"把",66.98,{"v":3349,"d":"3349.00"},"十八子、何全利、张小泉"]
[130,null,"不锈钢蒸饭盘","304不锈钢，食品级加厚，59.2*25.5cm",40,"个",67.42,{"$f":"+G361*E361","v":{"v":2696.8,"d":"2696.80"}},"花思雨、美厨、厨内助"]
[131,null,"饭勺","食品级加厚304不锈钢",88,"个",{"v":5.6,"d":"5.60"},{"v":492.8,"d":"492.80"},"美厨、维艾、广意"]
[132,null,"调羹","食品级加厚304不锈钢",35,"个",8.37,292.95,"广意、番易、叁肆钢"]
[133,null,"汤勺","304不锈钢,勺直径15cm,长50cm防烫",56,"个",{"v":30.5,"d":"30.50"},{"v":1708,"d":"1708.00"},"美厨、苏泊尔、拜节"]
[134,null,"筷子","304不锈钢",40,"双",1.68,{"v":67.2,"d":"67.20"},"喜得润、好厨夫、凯临门"]
[135,null,"汤碗","上口直径15.8cm,304不锈钢，与不锈钢饭碟配套",30,"个",8.35,{"v":250.5,"d":"250.50"},"温朵娜、雄魄、沃德百惠"]
[136,null,"不锈钢饭碟","304不锈钢，长36.5cm5格",70,"个",8.43,{"v":590.1,"d":"590.10"},"维艾、雅芙尚品、克洛迪雅"]
[137,null,"大堂尘拖","9米，1米1节，不锈钢杆，中空（配各类清洁头）",11,"把",66.96,736.56,"爱格、东仙、茶花"]
[138,null,"大堂地拖","60CM拖布",38,"把",16.74,636.12,"雅高、美家日记、裕富宝"]
[139,null,"大堂地拖","90CM拖布",39,"把",{"v":22.1,"d":"22.10"},{"v":861.9,"d":"861.90"},"美家日记、洁比世、雅高"]
[140,null,"菜盆","304不锈钢圆形，直径30cm",26,"个",30.69,797.94,"SSGP、叁肆钢、合兴利"]
[141,"▲","菜刀","304不锈钢",72,"把",{"v":56,"d":"56.00"},{"v":4032,"d":"4032.00"},"十八子作、邓家刀、张小泉、王麻子"]
[142,null,"除胶剂","300ml",23,"瓶",8.31,191.13,"龟牌、得力、普速"]
[143,"▲","圆锅","直径50cm,铁锅",9,"个",122.77,1104.93,"苏泊尔、炊大皇、章丘"]
[144,null,"不锈钢桶","直径32cm,高40cm,304，食品级加厚",6,"个",101.13,606.78,"小渝、盛公满、桶帅"]
[145,null,"小胶凳","加厚塑料，高：56cm宽28.5cm",24,"个",{"v":19.6,"d":"19.60"},{"v":470.4,"d":"470.40"},"好尔、华凯之心、禧天龙"]
[146,null,"菜板","塑料食品级40*60*2cm",18,"块",100.11,1801.98,"abay、骁泰、云睿"]
[147,"▲","保鲜膜","45cm*300米/卷，食品级",78,"卷",{"v":39.6,"d":"39.60"},{"v":3088.8,"d":"3088.80"},"南亚、宜之选、蓝自然、京惠思创"]
[148,null,"多功能刨丝器","切丝/片/花/磨蓉",30,"套",{"v":8.4,"d":"8.40"},{"v":252,"d":"252.00"},"任意品牌"]
[149,null,"硅胶隔热防烫手套","耐高温，厨房烤箱专用",65,"双",14.09,915.85,"任意品牌"]
[150,null,"一次性头套","防尘、防掉发，100个/包，双筋，无菌",6,"包",13.86,83.16,"任意品牌"]
[151,"▲","保鲜盒","食品级，#2605，275*210*130mm，5.3L",4,"个",13.95,{"v":55.8,"d":"55.80"},"珠江、百文、蓝天"]
[152,"▲","保鲜盒","食品级，#2614，360*255*160mm，10L",4,"个",19.53,78.12,"珠江、百文、蓝天"]
[153,null,"一次性透明胶杯","170ml 100只装/条",592,"条",4.45,{"v":2634.4,"d":"2634.40"},"妙洁、妙妙、悠巧"]
[154,null,"透明口罩","餐饮专用  5个装/包",72,"包",8.46,609.12,"任意品牌"]
[155,null,"净水器滤芯","3M、C1+C2,或4+1组合滤芯",8,"套",279.98,2239.84,"任意品牌"]
[156,null,"带盖周转箱","450-160规格",13,"个",22.48,292.24,"伟胜，百文、蓝天"]
[157,null,"带盖周转箱","450-230规格",71,"个",{"v":25.2,"d":"25.20"},{"v":1789.2,"d":"1789.20"},"伟胜，百文、蓝天"]
[158,null,"带盖周转箱","550-350规格",27,"个",42.28,1141.56,"伟胜，百文、蓝天"]
[159,null,"户外遮雨帐篷","3米*3米蓝色",17,"个",241.59,4107.03,"大新、京造、雅图"]
[160,null,"厨房清洁去污百洁布","5片/包",421,"包",4.43,1865.03,"任意品牌"]
[161,null,"窗户磨砂贴","40*500cm",8,"张",{"v":13.9,"d":"13.90"},{"v":111.2,"d":"111.20"},"任意品牌"]
[162,null,"平板灯","LED灯，40W，600*600mm",150,"个",72.55,{"v":10882.5,"d":"10882.50"},"佛山照明、雷士、飞利浦"]
[163,null,"洗洁精按压器","适合20KE的洗洁精桶",25,"个",8.48,{"v":212,"d":"212.00"},"任意品牌"]
[164,null,"水鞋","高筒，饭堂用",384,"双",{"v":30.9,"d":"30.90"},{"v":11865.6,"d":"11865.60"},"金橡、回力、强人"]
[165,null,"蜘蛛网伸缩清洁杆","伸缩款，延伸5米",20,"把",33.83,{"v":676.6,"d":"676.60"},"任意品牌"]
[166,null,"皂液器（按压式）","免打孔挂壁式，单头300ML",2,"个",36.52,73.04,"任意品牌"]
[167,null,"防晒冰袖","白色、黑色",793,"双",5.64,4472.52,"任意品牌"]
[168,null,"防嗮遮阳帽","帽沿增加15cm,带遮阳帘子",254,"顶",22.25,{"v":5651.5,"d":"5651.50"},"任意品牌"]
[169,null,"草帽","麦秆，直径52cm",755,"顶",5.54,{"v":4182.7,"d":"4182.70"},"任意品牌"]
[170,null,"雨伞","30寸长柄",317,"把",33.27,10546.59,"大新、天堂、美度"]
[171,null,"胶手套","L码M码S码",2357,"双",4.51,10630.07,"东方红、妙洁、妙妙"]
[172,null,"防水帆布","绿色，6*10米",11,"张",101.48,1116.28,"任意品牌"]
[173,null,"门口立体式自动测人体温枪","测温仪+支架，可充电可用电池",1,"个",146.08,146.08,"得力、晨光、齐心"]
[174,null,"大白胶桶","200L",14,"个",66.29,928.06,"珠江、百文、蓝天"]
[175,null,"晾衣架","不锈钢置地，双杠，1.6米长，可折叠",1,"个",83.14,83.14,"任意品牌"]
[176,null,"小便斗冲水阀","自动，管长15CM",28,"个",8.37,234.36,"任意品牌"]
[177,null,"厕所疏通器","喇叭",26,"个",22.95,{"v":596.7,"d":"596.70"},"任意品牌"]
[178,null,"橡皮筋","1.4mm宽190mm周长,粗橡筋，1斤/包",48,"包",13.95,{"v":669.6,"d":"669.60"},"任意品牌"]
[179,null,"地毯","4.3*1.8米",1,"块",{"v":22.4,"d":"22.40"},{"v":22.4,"d":"22.40"},"任意品牌"]
[180,null,"地毯","2*1.6米",16,"块",192.79,3084.64,"任意品牌"]
[181,null,"地垫","3*1.8米",1,"块",116.82,116.82,"任意品牌"]
[182,null,"地垫","2*1.8米",1,"块",224.75,224.75,"任意品牌"]
[183,null,"地垫","2.2*1.8米",1,"块",157.86,157.86,"任意品牌"]
[184,null,"乳胶手指套","耐磨手指套，加厚防滑麻点翻页用,50只/包S-XL码",40,"包",12.96,{"v":518.4,"d":"518.40"},"任意品牌"]
[185,null,"竹筷子","24CM长 10双/包",87,"包",8.48,737.76,"任意品牌"]
[186,"▲","保温壶","1.5升及以上",14,"个",44.35,{"v":620.9,"d":"620.90"},"苏泊尔、美的、九阳、小熊"]
[187,null,"尼龙扎带","透明，4*200mm,500根/包",58,"包",{"v":14,"d":"14.00"},{"v":812,"d":"812.00"},"任意品牌"]
[188,null,"篮球","74-604Y",2,"个",83.99,167.98,"任意品牌"]
[189,null,"纸巾筒","直筒",13,"个",{"v":16.8,"d":"16.80"},{"v":218.4,"d":"218.40"},"任意品牌"]
[190,null,"桌面纸巾盒","9.5*21*13cm",31,"个",14.09,436.79,"任意品牌"]
[191,null,"尼龙绳","直径：6-8mm",582,"米",0.66,384.12,"任意品牌"]
[192,null,"大街扫","竹柄 扫街道、长竹扫把",439,"把",16.69,7326.91,"任意品牌"]
[193,null,"挂衣钩","7位；无痕门后挂钩\n强力免钉",23,"个",16.85,387.55,"任意品牌"]
[194,null,"垃圾篓","加厚，大号，28*27cm",125,"个",{"v":5.6,"d":"5.60"},{"$f":"+G425*E425","v":{"v":700,"d":"700.00"}},"任意品牌"]
[195,null,"温湿度计",8813,37,"个",27.81,1028.97,"得力，金博，小米"]
[196,null,"户外垃圾分类箱","127*36*90cm，可回收垃圾，有害垃圾，易腐垃圾，其他垃圾",20,"个",{"v":449.5,"d":"449.50"},{"v":8990,"d":"8990.00"},"任意品牌"]
[197,null,"小垃圾桶","灰色15L翻盖",81,"个",33.72,2731.32,"WST、宏豪，珠江"]
[198,null,"捞渣网","可伸缩不锈杆",148,"把",22.32,3303.36,"任意品牌"]
[199,null,"雨衣","均码 风衣式",406,"套",22.17,9001.02,"任意品牌"]
[200,null,"环卫垃圾桶","55L",14,"个",73.04,1022.56,"WST、宏豪，珠江"]
[201,null,"松木砧板","39CM",38,"块",88.71,3370.98,"广西、木马人、双枪"]
[202,null,"不锈钢锅铲","3#手打无磁",41,"把",22.17,908.97,"青藤 、欧格曼、旺利来"]
[203,null,"锅盖","不锈钢42CM",1,"个",28.09,28.09,"任意品牌"]
[204,null,"豆浆机","1.75L",4,"个",226.26,905.04,"美的、九阳、苏泊尔"]
[205,null,"榨汁机","1L",2,"个",111.25,{"v":222.5,"d":"222.50"},"美的、九阳、苏泊尔"]
[206,null,"不锈钢汤勺","小号",20,"把",8.37,{"v":167.4,"d":"167.40"},"青藤 、欧格曼、旺利来"]
[207,null,"不锈钢汤勺","中号",25,"把",19.73,493.25,"青藤 、欧格曼、旺利来"]
[208,null,"筷子","木10双装",1,"双",2.79,2.79,"良木匠、双枪、建民"]
[209,null,"不锈钢碟","伟和28cm",2,"个",11.16,22.32,"伟和、欧格曼、古兰雅"]
[210,null,"不锈钢碟","伟和38cm",2,"个",19.66,39.32,"伟和、欧格曼、古兰雅"]
[211,null,"不锈钢菜勺","伟和圆头大号公用勺",8,"个",22.32,178.56,"伟和、欧格曼、古兰雅"]
[212,null,"塑料洗菜盆","61*19.5*50cm ",28,"个",33.71,943.88,"蓝天、国光、肥猫"]
[213,null,"平底炒锅","40cm",18,"个",112.37,2022.66,"苏泊尔、康宁、双立人"]
[214,null,"不锈钢漏勺","30.5CM，宽7.5CM",32,"个",8.42,269.44,"青藤 、欧格曼、旺利来"]
[215,null,"不锈钢汤勺","总长30.5CM宽7.5CM",14,"个",8.46,118.44,"青藤 、欧格曼、旺利来"]
[216,null,"调料置物架","万厨，落地架 三层",2,"个",33.38,66.76,"乐彼、万厨、申梵"]
[217,null,"大不锈钢盆","直径50CM 201不锈钢",21,"个",44.51,934.71,"宇发、伟和、邦丰"]
[218,null,"调味盒","塑料三格",1,"个",16.69,16.69,"任意品牌"]
[219,null,"钢卷尺","5m*19mm,全包胶带锁定",43,"个",11.01,473.43,"得力、晨光、田岛"]
[220,null,"钢卷尺","10m*25mm,全包胶带锁定",45,"个",{"v":16.8,"d":"16.80"},{"v":756,"d":"756.00"},"得力、晨光、田岛"]
[221,null,"控油器","手动抽油泵抽液器",5,"个",{"v":5.6,"d":"5.60"},{"v":28,"d":"28.00"},"任意品牌"]
[222,null,"厨房管道疏通剂","强力溶解，280g",104,"瓶",{"v":5.6,"d":"5.60"},{"v":582.4,"d":"582.40"},"橙乐工坊，PISSA，Q果"]
[223,null,"花洒","不锈钢，喷头+软管",74,"套",28.19,2086.06,"任意品牌"]
[224,null,"长方形塑料筐篮子","加厚蓝色，长36.6X宽26.6X高9.2，沥水",14,"个",11.51,161.14,"任意品牌"]
[225,null,"电热蚊香","黑旋风、电热、含驱蚊液",87,"盒",12.66,1101.42,"任意品牌"]
[226,null,"保温壶","保温48小时，1.5-1.7升左右",22,"个",49.08,1079.76,"九阳、美的、苏伯尔"]
[227,null,"自封袋","PE材料，12丝，26*38cm，50个/包",16,"包",17.26,276.16,"任意品牌"]
[228,null,"自封袋","PE材料，12丝，22*32cm，50个/包",8,"包",11.51,92.08,"任意品牌"]
[229,null,"自封袋","PE材料，12丝，20*30cm，50个/包",5,"包",11.51,57.55,"任意品牌"]
[230,null,"自封袋","PE材料，8丝，18*23cm，50个/包",6,"包",5.75,{"v":34.5,"d":"34.50"},"任意品牌"]
[231,null,"自封袋","PE材料，8丝，12*17cm，50个/包",52,"包",1.72,89.44,"任意品牌"]
[232,null,"自封袋","PE材料，8丝，8*12cm，50个/包",37,"包",1.15,42.55,"任意品牌"]
[233,null,"PE高压平口袋","30*50CM，双面14丝加厚，透明包装袋塑料袋食品袋，100个/包",1,"包",18.25,18.25,"任意品牌"]
[234,null,"陶瓷茶水杯","骨瓷银镶玉 白色400ML，带盖",33,"个",11.51,379.83,"任意品牌"]
[235,null,"垃圾袋（小）","可降解50*60平口 黑色  100个/卷",600,"卷",8.63,{"v":5178,"d":"5178.00"},"任意品牌"]
[236,null,"采样塑料桶","25L",4,"个",18.25,{"v":73,"d":"73.00"},"任意品牌"]
[237,"▲","水果刀","不锈钢30CM",39,"个",17.26,673.14,"十八子、何全利、张小泉"]
[238,null,"松木砧板","36*24*3CM",3,"个",40.27,120.81,"任意品牌"]
[239,"▲","厨房剪刀","不锈钢多功能鸡骨食物剪",71,"个",19.54,1387.34,"十八子、何全利、张小泉"]
[240,null,"分类垃圾桶","可回收、其他垃圾；双桶16L",7,"个",28.76,201.32,"任意品牌"]
[241,null,"桶装水倒置支架","加高不锈钢可拆架，配常规水嘴+撬棍，30cm*27cm*35cm",4,"个",14.38,57.52,"任意品牌"]
[242,null,"洗菜沥水篮","直径33cm",92,"个",3.45,{"v":317.4,"d":"317.40"},"任意品牌"]
[243,null,"巡更打卡棒","带强光照明、护套、数据线、充电器、巡更点、人员钮、合格证，存储空间60000条，防水防摔，读卡距离〈3.5CM,读卡速度〈0.3秒",40,"个",201.32,{"v":8052.8,"d":"8052.80"},"任意品牌"]
[244,null,"水龙头","单冷不锈钢",285,"个",30.22,{"v":8612.7,"d":"8612.70"},"任意品牌"]
[245,null,"水龙头","冷热带弯管不锈钢，厨房用",28,"个",41.12,1151.36,"任意品牌"]
[246,null,"角阀","4分不锈钢三角阀",131,"个",11.51,1507.81,"任意品牌"]
[247,null,"走廊灯","白光40W",55,"个",23.01,1265.55,"任意品牌"]
[248,null,"便池感应器（电池款）","铜阀带调节，尿兜感应，电池款",16,"个",68.39,1094.24,"任意品牌"]
[249,null,"油漆","球场划线用，白色外墙漆，20KG/桶",3,"桶",126.55,379.65,"任意品牌"]
["合计（元）",{"$nulls":6},{"$f":"SUM(H5:H480)","v":{"v":1912778.935,"d":"1912778.94"}}]
["注：本清单项目价格为不含税价格。"]

{"sheet":"清单封面","index":2,"n_rows":31,"n_cols":7,"rows_kept":31,"hidden":true,"merged":[[0,5,0,7],[2,0,2,7],[4,0,4,7],[6,0,6,1],[6,2,6,8],[7,2,7,8],[9,6,9,7],[26,2,26,3],[26,6,26,7],[30,6,30,7]]}
[{"$nulls":5},"编号：XYB[2017]0013(S1)"]
[]
["力合双清产学研建设项目（一期）二区1号楼活动中心（装修工程）"]
[]
["工 程 量 清 单"]
{"$rows_empty":12}
[null,"招 标 人：",{"$nulls":3},"工程造价咨询人："]
[null,null,"(单位盖章)",{"$nulls":3},"(单位资质专用章)"]
[]
[]
[null,"法定代表人\r\n或其授权人：",{"$nulls":3},"法定代表人\r\n或其授权人："]
[null,null,"(签字或盖章)",{"$nulls":3},"(签字或盖章)"]
[]
[]
[null,"编  制  人：",{"$nulls":3},"复  核 人："]
[null,null,"(造价人员签字盖专用章)",{"$nulls":3},"(造价工程师签字盖专用章)"]
[]
[]
[]
[null,"编 制 时 间：","2017-05-15",null,null,"复 核 时 间：",{"$f":"C31","v":"2017-05-15"}]

{"sheet":"清单汇总表","index":3,"n_rows":17,"n_cols":11,"rows_kept":17,"hidden":true,"merged":[[0,0,0,10],[2,0,2,4],[3,0,4,0],[3,1,4,1],[3,2,4,2],[3,3,3,4],[3,5,4,5],[3,6,4,6],[3,7,4,7],[3,8,4,8],[3,9,4,9],[3,10,4,10]]}
["工程项目汇总表"]
[]
["工程名称：力合双清产学研建设项目（一期）二区1号楼活动中心（装修工程）"]
["序号","单位工程名称","工程造价(元)","其中",null,"人工费总额(元)","建筑面积(㎡)","钢筋（t）","单方造价(元/㎡)","单方钢筋含量（kg/㎡）","单方砼含量（m3/㎡）"]
[{"$nulls":3},"工程造价\n(不含单列费)\n(元)","安全文明施工单列费(元)"]
["一","力合双清产学研建设项目（一期）二区1号楼活动中心--装修工程",{"$nulls":7},{"$f":"H6/G6","v":{"$error":"#DIV/0!"}},{"$f":"#REF!/G6","v":{"$error":"#REF!"}}]
[1,"土建装饰工程",{"$nulls":7},{"$error":"#DIV/0!"},{"$f":"#REF!/G7","v":{"$error":"#REF!"}}]
[2,"安装装饰工程"]
[3,"空调装饰工程"]
[3,"总包服务费",{"$nulls":7},{"$error":"#DIV/0!"},{"$f":"#REF!/G10","v":{"$error":"#REF!"}}]
[4,"预留金"]
[null,"合  计：",{"$nulls":7},{"$f":"H12/G12","v":{"$error":"#DIV/0!"}},{"$f":"#REF!/G12","v":{"$error":"#REF!"}}]
[]
[null,null,{"v":232660.68,"d":"232,660.68"}]
[null,null,{"v":770396.98,"d":"770,396.98"}]
[]
[null,null,{"$f":"SUM(C12:C16)","v":{"v":1003057.66,"d":"1,003,057.66"}}]

{"sheet":"清单说明","index":4,"n_rows":23,"n_cols":2,"rows_kept":23,"hidden":true,"merged":[[0,0,0,1],[1,0,1,1],[2,0,2,1]]}
["编 制 说 明"]
[]
["（工程名称：力合双清产学研建设项目（一期）二区1号楼活动中心）"]
["一、","编制依据"]
["1、","根据深圳市方佳建筑设计有限公司设计的《力合双清产学研建设项目（一期）二区1号楼活动中心》图纸进行编制。"]
["2、","执行2013年《广东省建设工程计价通则》、2013年《广东省建筑装饰工程工程量清单计价指引》。"]
["3、","采用清单计价方式，执行2016年5月份《东莞建设网通知公告》公布的东建价[2016]3号《关于建筑业营改增后计价依据调整的补充通知》，执行《广东省住房和城乡建设厅关于营业税改增值税后调整广东省建设工程计价依据》（粤建市函[2016]1113号）。"]
["二、","本预算包括的内容：（详见工程量清单）"]
["1、","力合双清产学研建设项目（一期）二区1号楼活动中心图纸工程。"]
["三、","本预算不包括的内容：（详见工程量清单）"]
["1、","力合双清产学研建设项目（一期）二区1号楼活动中心图纸以外部分以及移动家具，专业公司定制宣传内容，山水装饰画，窗帘，活动屏风等。"]
["四、","其他说明："]
["1、","本工程黄洞石规格按600*600*20mm，未注明石膏板厚度按9.5mm，石材厚度按20mm，PVC卷材地面按3mm计算；"]
["2、","本工程地面找平按甲方要求做40厚水泥砂浆找平层，楼梯做20厚水泥砂浆找平层；"]
["3、","墙面、天棚刷漆按刮腻子3遍，乳胶漆底漆2遍，面漆2遍；"]
["4、","墙面灰镜厚度按6mm、白色烤漆玻璃厚度按6mm；"]
["5、","本工程不另外考虑防水；"]
["6、","一层创新部门、文印室、资料室做法按100宽不锈钢踢脚，墙面白色乳胶漆；"]
["7、","天面埃特板厚度按4mm；"]
["8、","二层财务部资料室无墙面、柜做法，故本预算不包含；"]
["9、","天面石膏板按甲方要求用15厚环保型硅钙复合天花石膏板；"]
["10、","本工程按甲方要求用阻燃等级A级的木夹板；"]
["11、","其他部分详见清单。"]

{"sheet":"安装清单说明","index":5,"n_rows":17,"n_cols":1,"rows_kept":17,"hidden":true}
["清单编制说明"]
["(专业：安装工程)"]
["一、清单主要编制依据："]
["1、根据深圳市方佳建筑设计有限公司设计的《力合双清产学研建设项目（一期）二区1号楼活动中心》2017年01月的二次装修图及要求进行编制； "]
["2、执行2013年《广东省建设工程计价通则》。"]
["二、清单主要包含内容：力合双清产学研建设项目（一期）二区1号楼活动中心项目的以下各专业；"]
["1、配电照明工程"]
["2、给排水工程"]
["3、空调工程"]
["三、其它说明："]
["1、根据甲方要求，弱电智能化工程与消防工程不在本次清单范围内；"]
["2、配电工程从AWS5配电箱计起（含AWS5配电箱），应急照明接至原有配电箱；"]
["3、给水工程从卫生间大样原有的水表组处计起（不含水表组）；"]
["4、排水工程计至室外第一个检查井（不含检查井，含卫生间洁具）；"]
["5、空调工程室外主机型号根据设计回复修改为制冷量90KW的两台，45KW一台，68KW一台。"]
["6、根据图纸说明，在工位家具上的强弱电插座及线槽为工位家具自带，不计入本次清单范围；"]
["7、具体内容及范围详见清单。"]